000 00533nam a2200145Ia 4500
008 140724s9999 xx 000 0 und d
050 _aLC 4717
_b.R696 2011
100 _aRodriguez, Divina Garcia C.
245 _aReceptive and expressive skills of children with autism who underwent music therapy /
_cDivina Garcia C. Rodriguez.
260 _aLas PiƱas, Philippines :
_bSouthville International School and Colleges,
_cc2011.
300 _a58 p. :
_bill. ;
_c28 cm.
521 _aSpecial Education
942 _cTH
999 _c228658
_d228658